|
|
|
|
| LEADER |
00000nam0a2200000 4500 |
| 001 |
184550 |
| 005 |
20231101223844.0 |
| 035 |
|
|
|a (RuTPU)RU\TPU\book\200141
|
| 090 |
|
|
|a 184550
|
| 100 |
|
|
|a 20100913d1934 m y0rusy50 ca
|
| 101 |
0 |
|
|a rus
|
| 102 |
|
|
|a RU
|
| 105 |
|
|
|a a z 001zy
|
| 200 |
1 |
|
|a Физическая химия
|h Ч. 1: Химическая термодинамика. Основы молекулярно-кинетической теории. Химическая статика (химическое равновесие и учение о сродстве)
|f Д. В. Алексеев
|g Артиллерийская академия РККА им. Дзержинского
|
| 210 |
|
|
|a Ленинград
|c Изд-во ЛАА РККА им. Дзержинского
|d 1934
|
| 215 |
|
|
|a 309 с.
|c ил.
|
| 320 |
|
|
|a Имен. указ.: с. 305-307.
|
| 606 |
1 |
|
|a Физическая химия
|2 stltpush
|3 (RuTPU)RU\TPU\subj\67669
|9 83390
|
| 610 |
1 |
|
|a химическая термодинамика
|
| 610 |
1 |
|
|a молекулярно-кинетическая теория
|
| 610 |
1 |
|
|a статика
|
| 610 |
1 |
|
|a химическое равновесие
|
| 610 |
1 |
|
|a сродство
|
| 675 |
|
|
|a 544
|v 3
|
| 700 |
|
1 |
|a Алексеев
|b Д. В.
|
| 712 |
0 |
2 |
|a Артиллерийская академия РККА им. Дзержинского
|2 stltpush
|3 (RuTPU)RU\TPU\col\16364
|
| 801 |
|
1 |
|a RU
|b 63413507
|c 20100913
|
| 801 |
|
2 |
|a RU
|b 63413507
|c 20230222
|g RCR
|
| 942 |
|
|
|c BK
|